Allgemeinwissen - Quiz #3 - Statistiken

Allgemein
  • Dieses Quiz wurde 167 mal gespielt
  • Das Durchschnittsergebnis liegt bei 6 aus 12
Antwortstatistiken
Antwort % Korrekt
Anna ist 4 Jahre älter als Lisa. Lisa ist 7 Jahre. Wie alt ist Anna? 11 Jahre
100%
Wann begann 🇷🇺 Russland seinen Krieg gegen die 🇺🇦 Ukraine? 24. Februar 2022
100%
Wieviel Std. hat 1 Tag? 24 Std.
100%
Aus wie vielen Knochen besteht eine Hand? 27
100%
Wie hoch ist der Salzanteil (g) pro kg Meerwasser? 35 g
100%
4 x 10 + 5 = ❓ 45
100%
Wie viele Ozeane gibt es ? 5
100%
Für welche Zahl steht der röm. Buchstabe "V"? 5
100%
Wie viel kg Oliven braucht es, um 1 Liter Olivenöl herzustellen? 5 kg
100%
Wieviel Halswirbel haben Menschen? 7
100%
Wieviel Arme hat ein Kraken? 8
100%
Wie viel % des Meeres sind noch unerforscht? 90 %
100%
Was für ein Tier im Wappen hat das Bundesland Brandenburg? Adler
100%
Auf welchem Kontinent liegt Lesotho? Afrika
100%
Wessen Tagebuch über den Holocaust ist weltbekannt? Anne Frank
100%
Auf welchem Kontinent liegt 🇵🇰 Pakistan? Asien
100%
Wo findet man die "Iris" im Körper? Auge
100%
Was braucht man um Holz zu hacken? Axt
100%
Wie heißt die Gesichtsbehaarung eines Mannes? Bart
100%
In welchem Bundesland liegt Ingolstadt? Bayern
100%
Was ist ein anderes Wort für "Quittung"? Beleg
100%
In welcher Stadt steht das "Brandenburger Tor"? Berlin
100%
Was ist ein "Pils" ? Biersorte
100%
Welches ist kein Brettspiel - Dame, Binokel oder Halma? Binokel
100%
Welches Organ speichert den Urin nach der Blutreinigung? Blase
100%
Was ist eine "Tuba" ? Blechblasinstrument
100%
Wer soll 1492 Amerika entdeckt haben? Christoph Kolumbus
100%
In welchem Land wurde die Fußball - EM der Männer 2024 ausgetragen? Deutschland
100%
Wie heißt "Teilen" in der Mathematik? Division
100%
Regenwürmer haben keine natürl. Feinde. Wahr oder falsch? falsch
100%
Wie lautet die Abkürzung für "Freikörperkultur"? FKK
100%
Woher stammt das Gericht "Coq au Vin" (Hahn in Wein)? Frankreich
100%
Welches ist das schnellste Säugetier der Erde? Gepard
100%
Wie nennt man Wasserbewegungen, die durch Sonne & Mond beeinflusst werden? Gezeiten
100%
Welches chem. Element hat die Abkürzung "Au"? Gold
100%
Welche Farbe hat normaler Matcha? grün
100%
Welche chem. Formel hat Wasser? H2O
100%
Wann sagt man: "Süßes, sonst gibt’s Saures"? Halloween
100%
Was braucht man um Nägel einzuschlagen? Hammer
100%
Welcher dt. Schlagersänger heißt eigentl. Heinz Georg Kramm? Heino
100%
Welche ist die größte Stadt in 🇫🇮 Finnland? Helsinki
100%
In welcher Jahreszeit wurde jemand mit dem Sternzeichen "Skorpion" geboren? Herbst
100%
Wie wird eine Gruppe von Pferden genannt? Herde
100%
Welche Insel gehört zu 🇯🇵 Japan - Java, Hokkaido oder Sumatra? Hokkaido
100%
In welcher türk. Stadt leben am meisten Menschen? Istanbul
100%
Gibt es "Pfeilwürmer"? ja
100%
In welchem Land bezahlt man mit "Yen"? Japan
100%
Welcher Schauspieler übernahm die Hauptrolle in "Die Maske"? Jim Carrey
100%
Welches Tier hüpft in Australien über die Straße? Känguru
100%
Woraus werden Pommes gemacht? Kartoffeln
100%
Welches Tier hat 9 Gehirne? Krake
100%
Welches Tier legt Eier - Delfin, Krokodil oder Hahn? Krokodil
100%
Wie heißt eine große Masse Schnee, die von einem Berg herabstürzt? Lawine
100%
Wie heißt die größte Stadt 🇵🇹 Portugals? Lissabon
100%
Auf welcher Insel liegt "Playa de Palma"? Mallorca
100%
Wer wurde 2023 zum 3. Mal hintereinander F-1-Weltmeister? Max Verstappen
100%
Welches Brettspiel erfand Josef Friedrich Schmidt? Mensch ärgere dich nicht
100%
Was schuf Gott am 6. Tag? Menschen
100%
Woher stammt "Tequila"? Mexiko
100%
Wie lautet die Internet - Länderkennung der 🇲🇳 Mongolei? .mn
100%
Der Dienstag liegt zwischen den Wochentagen ... Montag | Mittwoch
100%
Was spielt man mit MP3 - Formaten ab? Musik
100%
Haben Würmer Extremitäten? nein
100%
Gab es in der DDR einen erfolgreichen Banküberfall? nein
100%
Enthält klassisches Sushi Geflügelfleisch? nein
100%
Gibt es das "Etagengebirge"? nein
100%
Gehört die Insel "Madeira" zu 🇪🇸 Spanien? nein
100%
In welchem Bundesland liegt Bonn? Nordrhein-Westfalen
100%
Wer gehört zu den Schwanzlurchen - Salamander, Axolotl oder Olm? Olm
100%
Welcher Saft ist in den 🇺🇸 USA am beliebtesten? Orangensaft
100%
In welchem Land wurde "Red Bull" gegründet? Österreich
100%
Was ist die Mehrzahl von "Partikel"? Partikeln
100%
Welcher ist der größte Ozean der Welt? Pazifischer Ozean
100%
Welche Bezeichnung trägt Petersilie nicht - Peterle, Petraline oder Petergrün? Petraline
100%
Welches ist das Rechenzeichen für Addition? Plus
100%
Welches Land wurde am 1. September 1939 von 🇩🇪 angegriffen? Polen
100%
Wie heißen die Kosten, die für Postsendungen fällig werden? Porto
100%
Welche Beilage passt zu Wildgerichten - Bananen, Spargel oder Preiselbeeren? Preiselbeeren
100%
Wie heißt eine Gruppe von 5 Personen? Quintett
100%
Welche Farbe hat rohes Hähnchenfleisch? rosa
100%
Welche Farbe ist "Magenta" ? rot
100%
Welches Meer grenzt an Afrika, Asien & Vorderasien? Rotes Meer
100%
Wie heißt eine Touristenreise durch Afrika? Safari
100%
Gegen was hilft "Ibuprofen"? Schmerzen
100%
Welche Waffe wird beim Fechten NICHT verwendet - Schwert, Degen oder Florett? Schwert
100%
Was ist keine tier. Wolle - Seide, Kaschmir oder Angora? Seide
100%
Mit was verteidigen sich Zitteraale? Stromstöße
100%
Wie heißen die Zelte von Indianern? Tipis
100%
Welches Gemüse hat man auf den Augen, wenn man etwas übersieht? Tomaten
100%
Der Neusiedlersee liegt in welchen beiden Ländern? Ungarn | Österreich
100%
Welche Währung hat die 🇺🇸 USA? US - Dollar
100%
Welcher Maler hat sich ein Stück seines Ohres abgeschnitten? Vincent Van Gogh
100%
Regenwürmer sind Zwitter. Wahr oder falsch? wahr
100%
Als "Wurstkraut" wird oft Majoran bezeichnet. Wahr oder falsch? wahr
100%
Sizilien liegt an der Stiefelspitze von 🇮🇹 Italien. Wahr oder falsch? wahr
100%
Architektur war mal eine olymp. Disziplin. Wahr oder falsch? wahr
100%
Welche Stadt gilt als Wiege der "Dt. Klassik"? Weimar
100%
Welche Comic Figur trinkt am liebsten Bölkstoff? Werner
100%
Wie heißt der Übergang vom Hals zum Rücken bei Vierbeinern? Widerrist
100%
Durch was verbreiten sich die Samen des Löwenzahns? Wind
100%
In welcher Jahreszeit ist ein "Wassermann" geboren? Winter
100%
Wenn jemand Kohldampf hat, der braucht....? Essen
89%
Welche Zahl ist halb so groß wie die 10? 5
88%
Welches ist ein 3-dimensionales rundes Objekt? Kugel
86%
Welcher Fluss entspringt im Schwarzwald - Rhein, Weser oder Donau? Donau
83%
Welcher Wurm ist ein Bodenverbesserer? Regenwurm
83%
Woraus stellen Japaner Sake her? Reis
83%
Wer wurde 2024 Fußball - Europameister der Männer? Spanien
83%
Welchen Namen teilen sich eine Morgenfeuchtigkeit & ein Seil? Tau
83%
Wie viele Staffeln gibt es von der Serie "Vikings"? 6
80%
Wieviel % der Erdoberfläche werden von Meeren bedeckt? 71 %
80%
Woher stammt der "Tango"? Argentinien
80%
Erich Kästner schrieb: "Emil & die....". Detektive
80%
Woher stammt ein Auto mit dem dt. Kennzeichen "E"? Essen
80%
Oregano nennt man auch "Wohlfeilpfeffer". Wahr oder falsch? falsch
80%
Zu welchem Land gehört die Insel Rhodos? Griechenland
80%
Zu welcher Religion gehört ein "Rabbi"? Judentum
80%
Wie nannte man die Massenquarantäne der COVID - 19 - Pandemie? Lockdown
80%
Wie wird eine seismische Meereswoge genannt? Tsunami
80%
In welchen Landkreis liegt Stralsund? Vorpommern - Rügen
80%
Was erhitzt man mit einem "Boiler"? Wasser
80%
Welches Objekt soll man bei Schießübungen meist treffen? Zielscheibe
80%
Wie alt war Scarlett Johansson in "Der Pferdeflüsterer" ? 14 Jahre
75%
Auf welchem Kontinent liegt Ghana? Afrika
75%
Durch was werden Tsunamis ausgelöst? Erdbeben
75%
Welche Tier schläft hängend an seinen Hinterbeinen? Fledermaus
75%
Was macht laut Werbung Kinder & Erwachsene froh? Haribo
75%
Wie heißt ein berühmtes gotisches Kirchengebäude in Paris? Notre Dame
75%
Welche ist die 2.-größte Stadt 🇵🇹 Portugals? Porto
75%
Wie heißt die Hauptstadt von 🇮🇸 Island? Reykjavik
75%
Was ist das Nationalgetränk von 🇯🇵 Japan? Sake
75%
In welchem Land liegt "Bullerbüh" von Astrid Lindgren? Schweden
75%
Welche musikal. Leiter ist für die Feuerwehr nutzlos? Tonleiter
75%
Welche Farbe hat die Zunge von Eisbären? blau
71%
Wie wird ein Regierungsbündnis mehrerer Parteien genannt? Koalition
71%
Aus was besteht Kuvertüre? Schokolade
71%
Wie viele Brücken verbinden 🇩🇰 Dänemark & 🇸🇪 Schweden ? 1
67%
Wie viele Buchstaben hat das hawaiianische Alphabet? 12
67%
Wieviele Frauen machten bei den 2. Olymp. Spielen 1900 mit? 12
67%
300 ∙ 600 = ❓ 180.000
67%
Wie viel Liter fasst ein Würfel mit 1 Seitenlänge von 10 cm? 1 Liter
67%
Wie viele Nachbarländer hat 🇩🇪 ? 9
67%
Auf welchem Kontinent lebt das Volk der "Tuareg"? Afrika
67%
Welcher Hähnchenteil wird für Chicken Nuggets verwendet? Brust
67%
Wie bezeichnet man elektr. Post? E-Mail
67%
Welche Falschmeldung hat den gleichen Namen wie ein Wasservogel? Ente
67%
Woher stammt der Gummistiefelweitwurf? Finnland
67%
Was isst ein "Pescetarier" nicht - Fisch, Gemüse oder Fleisch? Fleisch
67%
Wie lautet die Abkürzung von: "Größter anzunehmender Unfall"? GAU
67%
Wofür steht der Begriff "Moos" noch? Geld
67%
Fließt die Donau durch Wien? ja
67%
Nennt man Majoran auch "Hexenzwiebel"? nein
67%
In welchem Bundesland liegt die Stadt "Herne"? Nordrhein-Westfalen
67%
In welcher Stadt wird der Friedensnobelpreis verliehen? Oslo
67%
In welcher Sportart sind Wenden & Halsen wichtig? Segeln
67%
Welche Kapelle schuf Michelangelo Buonarroti? Sixtinische Kapelle
67%
In welchem Bundesland liegt der Naturpark "Kyffhäuser"? Thüringen
67%
Welcher war 2023 mit 31 % der wichtigste regenerative Energieträger in 🇩🇪 ? Wind
67%
In welchem Bundesstaat liegt der größte Nationalpark der 🇺🇸 USA? Alaska
60%
Was ist ein anderes Wort für das "Nachwort"? Epilog
60%
Wie lautet die Abkürzung für den internat. Währungsfonds? IWF
60%
Wie heißt die Kunst des Schönschreibens? Kalligraphie
60%
Wer sang: "Jenseits von Eden"? Nino de Angelo
60%
In welchem Land liegt Vorarlberg? Österreich
60%
Welche ist die größte Insel 🇩🇪? Rügen
60%
Welches Vitamin findet man vor allem in grünem Blattgemüse? Vitamin K
60%
Zu welchem alten Orden gehört Obi-Wan Kenobi? Jedi
57%
Welches Land produziert am meisten Hähnchenfleisch? USA
57%
Wie viel mg Koffein ist in einer normalen Tasse Kaffee enthalten? 100 mg
50%
Wie viel Liter Speichel produzieren menschl. Drüsen pro Tag? 1 l
50%
Wie viel Gramm sind in 🇩🇪 ein Pfund? 500 g
50%
Wieviel Halswirbel haben Giraffen? 7
50%
Wer ist das Gesicht von "Ladykracher"? Anke Engelke
50%
Was ist "Prestige" ? Ansehen
50%
Wo wurden die 1. Olymp. Sommerspiele der Neuzeit eröffnet? Athen
50%
Wie nennt man einen Fahrstuhl noch? Aufzug
50%
Wie heißt eine Maßeinheit für Druck? Bar
50%
Was ist eine "Observation" ? Beobachtung
50%
Was ist kein Steinobst - Pflaume, Birne oder Kirsche? Birne
50%
Wie nennt man einen gefälschten Geldschein? Blüte
50%
Woher stammt der "Caipirinha" ? Brasilien
50%
Wie nennt man eine Esstörung, die zwischen Esssucht & Erbrechen schwankt? Bulimie
50%
Wie nennt man Geografie auf 🇩🇪 ? Erdkunde
50%
Welches Gebirge gehört zu Sachsen - Harz, Erzgebirge oder Schwarzwald? Erzgebirge
50%
Was heißt "Rio de Janeiro" auf 🇩🇪 ? Fluss des Januars
50%
Womit bekämpfen sich Hirsche während der Brunft? Geweih
50%
Welches Gedicht beginnt mit: "Sah ein Knab' ein Röslein stehn"? Heidenröslein
50%
Wer spielte Khal Drogo in der Serie "Game of Thrones"? Jason Momoa
50%
In welchem Gerät findet man nicht essbare Linsen? Kamera
50%
Welche bayr. Stadt nannten die Römer "Campidonum"? Kempten
50%
Welches Licht kann Stahl schneiden? Laser
50%
Wie werden beim Hund die Beine mit Pfoten genannt? Läufe
50%
Welches Land ist vollständig von 🇿🇦 Südafrika umschlossen? Lesotho
50%
Welche Stadt hieß früher: "El Pueblo de Nuestra Señora la Reina de los Ángeles del Río de Porciúncula" ? Los Angeles
50%
Welche Fluggesellschaft wird auch "Kranich-Airline" genannt? Lufthansa
50%
Wie wird ein weibl. Mitglied der Mafia genannt? Mafiosa
50%
Wie heißt die frz. Nationalhymne? Marseillaise
50%
Gibt es "Kuschelwürmer"? nein
50%
In welchem Bundesland ist "Saterfriesisch" eine anerkannte Sprache? Niedersachsen
50%
In welcher Stadt fanden die 1. Olymp. Spiele statt? Olympia
50%
In welchem Land befindet sich die Algarve? Portugal
50%
Welches ist das einzige noch erhaltene antike Weltwunder? Pyramiden von Gizeh
50%
Von wem stammt der Song "Everybody Hurts" von 1993? R. E. M.
50%
Was erhält Dorothy (Zauberer von Oz) durch den Tod der bösen Hexe des Ostens? rote Schuhe
50%
In welchem Bundesland liegt das "Elbsandsteingebirge" ? Sachsen
50%
In welchem Bundesland liegt Bad Muskau? Sachsen
50%
Wie heißt das Organ zum Greifen bei Krebstieren? Schere
50%
Wie nennt man grob gemahlenes Getreide? Schrot
50%
Was ist die Hauptstadt von 🇧🇬 Bulgarien? Sofia
50%
Welche Energie wird durch die Sonne gewonnen? Solar - Energie
50%
Wie wird das Herstellen textiler Maschengebilde genannt? Stricken
50%
Was ist "Quickstep" ? Tanz
50%
Wer war 1991 - 2015 Werbebotschafter für Haribo? Thomas Gottschalk
50%
Wie nannte man früher einen Schulranzen? Tornister
50%
Sprichwort: "Die Wege des Herrn sind ..."? unergründlich
50%
Wie heißt der Nachtschatten aus "Drachenzähmen leicht gemacht"? Ohnezahn
43%
Zu welcher Sportart gehört ein "Ollie"? Skateboard
43%
Was bedeutet "maligne" in der Medizin? bösartig
40%
Was sind lymphatische Organe in der Mundhöhle & im Rachen? Mandeln
40%
Wie nennt ein Fachmann das Badezimmer? Nasszelle
40%
Was ist "Kokolores" ? Unsinn
40%
Welche Zahlenkombination bedeutet "Mittelmaß"? 08/15
33%
Wieviel Gramm "schwer" ist ungefähr ein menschl. Herz? 300 g
33%
Wie groß kann der Riesenregenwurm "Megascolides australis" werden? 3 m
33%
Wieviel % des Sauerstoffs der Erde produzieren Ozeane? 50 %
33%
Wie nennt man in der Medizin die Bauch-region bzw. - raum? Abdomen
33%
Wer war der 1. römische Kaiser? Augustus
33%
Wo fand 2000 die Fußball-EM der Männer statt? Belgien | Niederlande
33%
In welcher Einrichtung werden Blutkonserven gewonnen & aufbewahrt? Blutbank
33%
Was wird bei KFC am häufigsten verkauft? Chicken Wings
33%
Welches Tier kann mit 1 Gehirnhälfte wach bleiben, während die andere schläft? Delfin
33%
Welche dt. Band veröffentlichte das Album "Ballast der Republik"? Die Toten Hosen
33%
Wen spielt Benedict Cumberbatch in den Marvel - Filmen? Doktor Strange
33%
Von wem war "In The Ghetto" der einzige Nummer-1-Hit in 🇩🇪 ? Elvis Presley
33%
Wie heißt das Schwert von König Artus? Excalibur
33%
Wo hat die WHO ihren Hauptsitz? Genf
33%
Wie heißt das Nest eines Greifvogels? Horst
33%
Welches Land ist bekannt für "Lassis" ? Indien
33%
Was ist die Hauptnahrung eines Igels? Insekten
33%
Woher stammt "Matcha" ? Japan
33%
Wo fährt Vicky Leandros, nach einem Lied, mit Theo hin? Lodz
33%
Wie wird das regelm. Abwerfen & Neuwachstum von Vogelfedern genannt? Mauser
33%
Wer spielt Enola Holmes in der Netflix-Film-Reihe? Millie Bobby Brown
33%
Wie heißt die größte Stadt von 🇬🇱 Grönland? Nuuk
33%
Welche Zivilisation trug eine "Toga"? Römer
33%
Wie heißt die Hauptstadt der 🇩🇴 Dominik. Republik ? Santo Domingo
33%
Wie heißt ein Gerät zum Schneiden von Papier? Schere
33%
Welches Programm erkennt Werbung in E-Mails? Spamfilter
33%
Wer war 2023 die meistgestreamte Musikerin auf Spotify? Taylor Swift
33%
Welches Tier stößt bei Gefahr ein dunkles Sekret aus? Tintenfisch
33%
Welcher Greifvogel hat lange Federn auf dem Kopf, die wie Ohren aussehen? Uhu
33%
Wer schuf das Gemälde "Die Kartoffelesser"? Vincent van Gogh
33%
Von welchem Tier stammt Kaschmir? Ziege
33%
Von welchem afrik. Staat ist "Nouakchott" die Hauptstadt? Mauretanien
29%
Welche Schafrasse wird am meisten für die Wollproduktion "verwendet" ? Merinoschaf
29%
Welcher Muskel ist nur an 1 Ende befestigt? Zunge
29%
Aus was wird Tequila hergestellt? Agaven
27%
Wieviel Jahre dauerte Elvis Presley's Karriere? 23 Jahre
25%
In welchem Bundesland leben 52 % Menschen in einer Familie? Baden-Württemberg
25%
Von wem stammt das Lied: "When the Party’s Over" (2018)? Billie Eilish
25%
Welche Band adaptierte das Lied: "Rivers of Babylon"? Boney M.
25%
Was wünscht sich der Blechmann aus "Der Zauberer von Oz"? Herz
25%
Welcher Politiker hatte im Alter grüne Zähne? Mao Zedong
25%
Welche Wüste nimmt ca. 60 % von Israel ein? Negev
25%
Wie werden kleine Figuren aus Porzellan oder Glas genannt? Nippes
25%
Was ist eine "Mispel" ? Obstsorte
25%
Pietro Maximoff ist in den Marvel-Filmen welcher Superheld? Quicksilver
25%
Woraus wird Lakritz gewonnen? Süßholzwurzeln
25%
Wie heißt die größte Westfries. Insel in Nordholland? Texel
25%
Volkslied: "Am Brunnen vor dem...."? Tore
25%
Wer bringt der Braut in "Die Vogelhochzeit" die Schuhe ? Uhu
25%
Welches Fach unterrichtete Prof. Dumbledore, bevor er Schulleiter wurde? Verwandlung
25%
Welches Wort steht für lebendig & kräftig? vital
25%
Wie nennt sich der Brutzwiebel - Teil beim Knoblauch? Zehe
25%
Was verhindert, dass Fremdkörper ins Auge gelangen? Augenlid
20%
Was trat am 1. April 2024 in 🇩🇪 in Kraft? Cannabisgesetz
20%
Wer gewann 3 x hintereinander die "Tour de France" 1971!? Eddy Merckx
20%
Wer gilt in der Religion als ein Zwischenwesen zwischen Gott & Mensch? Engel
20%
Wer erfand "Das doppelte Lottchen"? Erich Kästner
20%
Wie nennt man eine innere Leichenschau? Obduktion
20%
Welcher Künstler malte schmelzende Uhren? Salvadore Dali
20%
Wie wird der Wasserstand eines Meeres genannt? Spiegel
20%
Woher stammt "Bubble Tea"? Taiwan
20%
Aus welchem Shakespeare-Werk stammt: "Schwachheit, dein Name ist Weib!"? Hamlet
17%
Welches Kamel hat 2 Höcker? Trampeltier
17%
Wieviel % leben in 🇩🇪 in einer Eltern-Kind-Gemeinschaft? 51 %
14%
Wie viele Autobahnkreuze gibt es in 🇩🇪? 138
0%
Wann wurde die 1. Pauschalreise von Thomas Cook durchgeführt? 1869
0%
Seit wann gibt es den Friedensnobelpreis? 1901
0%
Wie viele Muskeln sind an einem normalen Schritt des Menschen beteiligt? 200
0%
Wie viele Meteoriten fallen pro Jahr auf die Erde? 20 000
0%
Wie hoch war 2023 der %-Anteil an Kohleenergie beim Strom in 🇩🇪 ? 26 %
0%
Wie lange benötigt Blut, um durch den gesamten menschl. Körper zu strömen? 30 Sekunden
0%
Wie häufig kann sich eine Wanderratte in 6 Std. paaren? 500 x
0%
Wie hoch war 2023 der %-Anteil der erneuerbaren Energien beim Strom in 🇩🇪 ? 56 %
0%
Wie lang war die längste jemals angebaute Karotte? 6 m
0%
Wie viele Songs hat Elvis Presley veröffentlicht? 711
0%
Wie heißt 🇩🇰 Dänemarks größte Wikingerburg? Aggersborg
0%
Wie heißt die größte niederl. Supermarktkette? Albert Heijn
0%
Wer führte Regie bei "Vertigo - Aus dem Reich der Toten" (1958)? Alfred Hitchcock
0%
Wer ist seit 2022 Vorstandsvorsitzende der Bundesagentur für Arbeit? Andrea Nahles
0%
Wie heißt in der Medizin "Appetitmangel" ? Anorexie
0%
Welche Hähnchenart hat schwarze Haut & Fleisch? Ayam Cemani
0%
Wer große Angst hat, schwitzt ... Blut & Wasser
0%
Wo wurde die nat. Fußball-Liga "Liga Paulista" gegründet? Brasilien
0%
Welche Hunderasse ist für ihren eiförmigen Kopf bekannt? Bullterrier
0%
Welche Hose ist nach einer ital. Insel benannt? Capri - Hose
0%
Welches ist das größte noch lebende Nagetier? Capybara
0%
Wer konnte im Weitsprung 4x hintereinander Olympiasieger werden? Carl Lewis
0%
Wie heißt die Hauptstadt von 🇬🇫 Französisch-Guayana? Cheyenne
0%
Wer sang: "Du kannst nicht immer 17 sein"? Chris Roberts
0%
Welches Schlager-Duo sang: "Immer wieder sonntags"? Cindy & Bert
0%
Wie heißt eine Frisur, bei der eine Glatze durch lange Haare verdeckt wird? Comb-Over
0%
Welches bekannte Märchen von Wilhelm Hauff spielt im Schwarzwald? Das kalte Herz
0%
Wo wird jährlich die WM im Kirschkernweitspucken ausgetragen? Düren
0%
Was für Früchte trägt der "Zibetbaum"? Durian
0%
Wen rettete Jesus vor der Steinigung? Ehebrecherin
0%
Wie nennen Isländer das @-Zeichen? Elefantenohr
0%
Was ist "Makrobiotik" ? Ernährungslehre
0%
Wie heißt die 2.-größte Stadt in 🇫🇮 Finnland? Espoo
0%
Was heißt "fertig" auf sächsisch? färdsch
0%
Welches war das 1. Wirbeltier? Fisch
0%
Mit welchem Auto fliegen Harry & Ron nach Hogwarts? Ford Anglia
0%
Welches Gerät wird durch aerodyn. Auftrieb & Kreiselbewegung in der Luft gehalten? Frisbee
0%
Was ist ein "Bouffant" ? Frisur
0%
Was ist ein "Lerchensporn" ? Frühlingsblume
0%
Wie heißt Dorothy aus "Der Zauberer von Oz" mit Nachnamen? Gale
0%
Wie wird eine Alkoholkrankheit über längere Zeit hinweg bezeichnet? Gambrinismus
0%
Was bedeutet "Äquilibrium" ? Gleichgewicht
0%
Was wurde 2017 aus dem Berliner Bode-Museum gestohlen? Goldmünze
0%
Welcher Architekt wurde 1803 in Hamburg geboren? Gottfried Semper
0%
Zu welchem Land gehören die Kykladen? Griechenland
0%
Wofür steht das alte Wort: "Ingrimm"? Groll | Zorn
0%
Prof. McGonagall war in Hogwarts Hauslehrerin von.....? Gryffindor
0%
In welcher Stadt spielt die Serie "Pfefferkörner"? Hamburg
0%
Wer schrieb den Klassiker "Wer die Nachtigall stört"? Harper Lee
0%
Wie heißen Wissenschaftler, der sich mit parasit. Würmern befassen? Helminthologen
0%
Was ist ein "Steckenpferd" ? Hobby
0%
Zu welchem Land gehören die "Pelagischen Inseln" ? Italien
0%
Wie heißt eine trad., nordostafrik. Kaffeekanne? Jabana
0%
Was ist eine "Schwarzwildbracke" ? Jagdhund
0%
Wer erfand mit dem Lied "Cold Sweat" den Funk? James Brown
0%
Welcher Komponist wurde 1685 in Eisenach geboren? Johann Sebastian Bach
0%
Wie nennt man die Gesamtheit der Minister 1 Staates? Kabinett
0%
Wie nennt man eine verbundene Reihe von Berggipfeln ? Kamm
0%
Wer entwickelte das Elfmeterschießen im Fußball? Karl Wald
0%
"Ein Tor zur Stimme, am Hals ganz fein, reguliert den Ton, klar & rein." Kehlkopf
0%
Wie heißt der höchste Vulkan des Kilimandscharo? Kibo
0%
Wer spielte in der Actionthriller-Serie "24" den Jack Bauer? Kiefer Sutherland
0%
Durch was fällt TV-Koch Ralf Zacherl auf? Kinnbart
0%
Was ist eine "Confiserie" ? Konditorei
0%
Was ist ein "Brett" ? Kopfbedeckung
0%
Woher stammt der Tanz "Mambo"? Kuba
0%
Wie heißt eine gerade Linie, die zu einer anderen Geraden senkrecht steht? Lot
0%
Von wem wurde "Balduin", das Nachtgespenst gespielt? Louis de Funès
0%
Welche Ostsee - Stadt ist für Marzipan bekannt? Lübeck
0%
Durch was werden Grippeviren von Mensch zu Mensch übertragen? Luft
0%
Wie nennen manche ein altes, unbrauchbares Pferd? Mähre
0%
Aus welchem Getreide werden Cornflakes gemacht? Mais
0%
Welches Land ist bekannt für "Maghrebi Minztee" ? Marokko
0%
Wer war von 2002 - 2013 Ministerpräsident von Brandenburg? Matthias Platzeck
0%
Wer schrieb: "Wo die wilden Kerle wohnen"? Maurice Sendak
0%
Wie heißt ein Organ im Kopf von Delphinen? Melone
0%
Welchen römischen Namen trägt Hermes? Merkur
0%
Für welche Marke gab es das Lied: "It’s cool man"? Milka
0%
In welchem Roman gibt es "Kapitän Ahab"? Moby Dick
0%
Welches Tier lebt in unterird. Bauten in den Halbwüsten Ostafrikas? Nacktmull
0%
Wie wird eine Absperrung zwischen Viehweiden genannt? Oxer
0%
Welche 2 Gewürze passen zu Grillhähnchen? Paprika | Knoblauch
0%
Wie lautet der Vorname des frz. Malers "Gauguin"? Paul
0%
Welche US-amerik. Astronautin war mit 665 Tagen am längsten im Weltall? Peggy Whitson
0%
Wo befindet sich die "Verbotene Stadt" ? Peking
0%
Welche Währung wurde vor dem € auf 🇦🇩 Andorra genutzt? Peseta
0%
Wie nennt man einen harter Schlag beim Boxen noch? Punch
0%
Wie heißt eine Zahl mit 30 Nullen? Quintillion
0%
Wie heißt eine grünlich-gelbe - hellgelbe, sehr harte Frucht? Quitte
0%
Welches Bier trank Charlie Harper in "Two and a Half Men"? Radeberger
0%
Welcher Musiker gilt als "Hohepriester des Soul"? Ray Charles
0%
Ein Roman von Roald Dahl heißt "Sophiechen & der...."? Riese
0%
Wie heißt die Währung in 🇮🇩 Indonesien? Rupiah
0%
Was ist eine "Zither" ? Saiteninstrument
0%
Was für ein Tier ist ein "Texelaar" ? Schaf
0%
In welchem Bundesland liegt "Rendsburg" ? Schleswig-Holstein
0%
Welchen Beruf übte Robert Habeck aus, bevor er in die Politik ging? Schriftsteller
0%
Für welches Land trat Céline Dion 1988 beim ESC an? Schweiz
0%
Welcher Wal wird auch als "Killerwal" bezeichnet? Schwertwal | Orca
0%
Wer spielt den Vater von Indiana Jones im 3. Teil? Sean Connery
0%
Wie heißt bei Pferden ein weißer Fleck auf der Stirn? Spiegel
0%
Wie heißt die Fläche, von der 1 Golfball abgeschlagen wird? Tee
0%
Eine german. Volks- & Gerichtsversammlung nannte man..... Thing
0%
Was hatte früher die Raumnr. 00 in Hotels? Toilette
0%
Wie werden Mandeln mediz. noch genannt? Tonsillen
0%
Wie heißen die jährl. Theaterpreise in New York? Tony
0%
Wie wird die Fahrt mit 1 Segelboot genannt? Törn
0%
Was ist ein "Tumbler" ? Trinkglas
0%
Was ist "Galimathias" ? Unsinn
0%
Was ist ein "Exil" ? Verbannung
0%
Wie heißt der 2.-größte Park von Amsterdam? Vondelpark
0%
Wie heißt in 🇮🇳 Indien ein Raumfahrer? Vyomanaut
0%
Welche öster. Region ist für ihre Weinproduktion bekannt? Wachau
0%
Wer hat sich die Geschichten von "Biene Maja" ausgedacht? Waldemar Bonsels
0%
Was ist ein "Domizil" ? Wohnsitz
0%
Wer sang 1992: "Verlieben, verloren, vergessen, verzeih'n"? Wolfgang Petry
0%
Welches Tier hat quadratischen Kot? Wombat
0%
Wie heißt ein jap. Gericht aus Hähnchenspießen in süßer Sojasauce? Yakitori
0%
Was ist ein "Grimoire" ? Zauberbuch
0%
Keine übereinstimmenden Quizze gefunden
Verteilung der Resultate
Anzahl Personen mit jedem Resultat
Perzentil nach korrekt beantworteten Fragen
Ihre Resultats-Entwicklung
Sie haben dieses Quiz noch nicht gespielt